000 00997cam a22002894a 4500
001 15377318
005 20180227082035.0
008 080721s2009 paua b 001 0 eng
010 _a 2008032208
016 7 _a101479427
_2DNLM
020 _a9780781777698
020 _a0781777690
035 _a(OCoLC)213451287
040 _aDNLM/DLC
_cDLC
_dNLM
_dBTCTA
_dBAKER
_dYDXCP
_dC#P
_dCDX
_dDLC
041 _aeng
042 _apcc
060 1 0 _aQV 55
_bA161c 2009
080 _a615.58 ABR
082 0 0 _a615.58 ABR
_222
100 1 _a3
101 _aSHM
245 1 0 _aClinical drug therapy :
_cAnne Collins Abrams, Carol Barnett Lammon, Sandra Smith Pennington ; consultant, Tracey L. Goldsmith.
504 _aIncludes bibliographical references and index.
906 _a7
_bcbc
_corignew
_d1
_eecip
_f20
_gy-gencatlg
942 _2ddc
_cBK
999 _c43624
_d43624